'N' American History Quiz Stats

 Plays Quiz Updated Jul 18, 2016

Challenge
Share
Tweet
Embed
Score 0/20 Timer 07:00
7 Plays Today
Hint Answer % Correct
Which president, who served from 1969 to 1974, was the first to resign?Richard Nixon
99.7%
Which government agency is responsible for the civilian space program?National Aeronautics and Space Administration
98.5%
What name was given to FDR's plan for recovery of the economy in response to the Great Depression?New Deal
86.7%
What state was admitted to the Union on March 1, 1867?Nebraska
85.4%
The classified operational details of what intelligence agency were leaked by Edward Snowden in 2013?National Security Agency
80.6%
What African-American civil rights organization was formed in 1909?National Association for the Advancement of Colored People
78.2%
Which state became the first in the newly formed United States to ratify the Bill of Rights?New Jersey
77%
What lieutenant colonel was found guilty of destroying government documents during the Iran-Contra affair?Oliver North
73.4%
Who ran for president in 1996 and 2000 on the Green Party ticket?Ralph Nader
71.8%
What Canadian-American sports coach invented the game of basketball in 1891?James Naismith
61.2%
Hint Answer % Correct
What Prohibition agent led a team of agents known as 'The Untouchables'?Eliot Ness
58.5%
What slogan did colonists adopt in the 1750s and 1760s to protest British tax policies?No Taxation Without Representation
53.8%
What name was given to an early movie house where admission only cost five cents?Nickelodeon
47%
Betty Friedan served as the first president of what organization?National Organization for Women
42.9%
Which fleet admiral served as the commander of the US Pacific Fleet during World War II?Chester Nimitz
36.3%
What 'Father of the American Cartoon' created the elephant as the symbol for the Republican Party?Thomas Nast
22.4%
What word is used to refer to US citizens born of immigrant Japanese parents?Nisei
18.6%
What name was given to Americans who feared large-scale immigration?Nativist
17.9%
What town in Indiana was made into a utopian community by Robert Owen in 1825?New Harmony
8.3%
Who served as Amelia Earhart's navigator on her ill-fated flight around the world?Fred Noonan
8.3%

You're not logged in!

Compare scores with friends on all Sporcle quizzes.
OR
Log In

You Might Also Like...

Show Comments

Extras

Top Quizzes Today


Score Distribution

Your Account Isn't Verified!

In order to create a playlist on Sporcle, you need to verify the email address you used during registration. Go to your Sporcle Settings to finish the process.

Report this User

Report this user for behavior that violates our Community Guidelines.

Details: